| 000 | 00562nam a2200229Ia 4500 | ||
|---|---|---|---|
| 003 | OSt | ||
| 005 | 20221005124546.0 | ||
| 006 | a|||||r|||| 00| 0 | ||
| 007 | ta | ||
| 008 | 221004b |||||||| |||| 00| 0 tam d | ||
| 024 | _a55319 | ||
| 037 | _cTextual | ||
| 040 |
_aCRL _cCRL _btam |
||
| 041 |
_2tam _atam |
||
| 082 | _aV2:41.N5, 31H9 | ||
| 100 |
_aMurthy Au. _9629921 |
||
| 245 | 0 | _aNam poorppadaigal | |
| 260 | _c1949 | ||
| 650 | _aINDIA - HISTORY | ||
| 942 |
_hV2:41.N5, 31H9 _cTEXL _2cc |
||
| 999 |
_c1050858 _d1050858 |
||